000 00983 a2200325 4500
001 74519
003 TR-AnTOB
005 20260325161738.0
007 ta
008 090429s2009 enka b 001 0 eng
020 _a9780521866750 (hardback)
020 _a0521866758 (hardback)
040 _aTR-AnTOB
_cTR-AnTOB
_beng
_erda
041 0 _aeng
050 1 4 _aTA403
_b.M554 2009
090 _aTA403 .M554 2009
100 1 _aMeyers, Marc A.
_eauthor
_954134
245 1 0 _aMechanical behavior of materials /
_cMarc Andre Meyers, Krishan Kumar Chawla.
250 _a2nd ed.
264 1 _aCambridge ;
_aNew York :
_bCambridge University Press,
_c2009.
300 _axxii, 856 pages :
_billustration ;
_c26 cm
336 _atext
_btxt
_2rdacontent
337 _aunmediated
_bn
_2rdamedia
338 _avolume
_bnc
_2rdacarrier
504 _aBIBINDX
650 0 _aStrength of materials
_981920
700 1 _aChawla, Krishan Kumar,
_d1942-
_eauthor
_954135
942 _cBK
_2lcc
999 _c74519
_d22639